[Event "Nis GM 2019"]
[Site "Nis"]
[Date "2019.12.05"]
[Round "6.4"]
[White "Zajic, Milan"]
[Black "Radovanovic, Mihajlo"]
[Result "0-1"]
[WhiteElo "2477"]
[BlackElo "2479"]
[Annotator "ChessBase"]
[PlyCount "72"]
[EventDate "2019.11.30"]
[EventType "tourn"]
[EventCountry "SRB"]
[SourceTitle "playchess.com"]
[Source "ChessBase"]
[SourceQuality "1"]
[TimeControl "40/5400+30:1800+30"]

1. d4 {[%emt 0:00:00]} Nf6 {[%emt 0:00:00]} 2. Nf3 {[%emt 0:00:00]} g6 {[%emt 0:00:06]} 3. Bf4 {[%emt 0:00:00]} Bg7 {[%emt 0:00:09]} 4. c3 {[%emt 0:00:00]} O-O {[%emt 0:00:37]} 5. h3 {[%emt 0:00:00]} d6 {[%emt 0:02:19]} 6. e3 {[%emt 0:00:09]} Nfd7 {[%emt 0:00:30]} 7. Be2 {[%emt 0:00:08]} e5 {[%emt 0:00:07]} 8. Bh2 {[%emt 0:00:03]} Nc6 {[%emt 0:00:19]} 9. O-O {[%emt 0:00:06]} f5 {[%emt 0:00:26]} 10. b4 {[%emt 0:00:17]} a6 {[%emt 0:05:50]} 11. a4 {[%emt 0:09:53]} e4 {[%emt 0:04:53]} 12. Nfd2 {[%emt 0:11:47]} Nf6 {[%emt 0:00:32]} 13. Na3 {[%emt 0:02:51]} Ne7 {[%emt 0:04:36]} 14. b5 {[%emt 0:04:27]} g5 {[%emt 0:03:01]} 15. Qb3+ {[%emt 0:04:29]} Kh8 {[%emt 0:01:33]} 16. c4 {[%emt 0:29:19]} Ng6 {[%emt 0:05:07]} 17. bxa6 {[%emt 0:00:13]} bxa6 {[%emt 0:00:37]} 18. f3 {[%emt 0:00:27]} Bd7 {[%emt 0:04:10]} 19. fxe4 {[%emt 0:01:51]} fxe4 {[%emt 0:03:44]} 20. c5 {[%emt 0:16:41]} dxc5 {[%emt 0:05:39]} 21. dxc5 {[%emt 0:02:24]} Bxa4 {[%emt 0:04:13]} 22. Qxa4 {[%emt 0:00:46]} Qxd2 {[%emt 0:00:06]} 23. Qc2 {[%emt 0:04:56]} Qxe3+ {[%emt 0:01:08]} 24. Kh1 {[%emt 0:00:02]} Nf4 {[%emt 0:01:24]} 25. Bxa6 {[%emt 0:02:48]} N6h5 {[%emt 0:01:15]} 26. Nc4 {[%emt 0:01:11]} Ng3+ {[%emt 0:00:24]} 27. Bxg3 {[%emt 0:00:03]} Qxg3 {[%emt 0:00:07]} 28. Qxe4 {[%emt 0:01:40]} Rae8 {[%emt 0:05:54]} 29. Qf3 {[%emt 0:01:14]} Qxf3 {[%emt 0:00:22]} 30. gxf3 {[%emt 0:00:02]} Bxa1 {[%emt 0:00:11]} 31. Rxa1 {[%emt 0:00:02]} Ra8 {[%emt 0:00:50]} 32. Ra5 {[%emt 0:00:30]} Nd3 {[%emt 0:01:30]} 33. c6 {[%emt 0:01:08]} Nb4 {[%emt 0:00:06]} 34. Bb7 {[%emt 0:00:15]} Rxa5 {[%emt 0:00:06]} 35. Nxa5 {[%emt 0:00:02]} Rxf3 {[%emt 0:00:13]} 36. Kg2 {[%emt 0:00:01]} Rc3 {[%emt 0:00:14]} 0-1

[Event "Nis GM 2019"]
[Site "Nis"]
[Date "2019.12.05"]
[Round "6.5"]
[White "Miljkovic, Miroslav D"]
[Black "Djukic, Nikola"]
[Result "1/2-1/2"]
[WhiteElo "2496"]
[BlackElo "2507"]
[Annotator "TA"]
[PlyCount "55"]
[EventDate "2019.11.30"]
[EventType "tourn"]
[EventCountry "SRB"]
[SourceTitle "playchess.com"]
[Source "ChessBase"]
[SourceQuality "1"]

{[%evp 27,55,0,0,0,0,0,0,0,0,-8,0,0,0,0,0,0,5,3,10,0,0,0,0,0,0,0,0,0,0,0]} 1. d4 Nf6 2. c4 g6 3. Nc3 d5 4. Nf3 Bg7 5. cxd5 Nxd5 6. e4 Nxc3 7. bxc3 c5 8. Be3 Qa5 9. Qd2 Nc6 10. Rc1 cxd4 11. cxd4 Qxd2+ 12. Kxd2 O-O 13. Bb5 f5 14. exf5 Bxf5 {The position is equal.} 15. Ke2 {D85: Exchange Grünfeld: Unusual White 7th moves and lines with 7 Nf3} Be6 (15... Rad8 16. Bxc6 bxc6 17. Rxc6 Be4 18. Re6 Bxf3+ 19. gxf3 Bf6 20. Rc1 Rd7 21. Rc4 Rb8 22. a4 Kf7 {1-0 (45) Korobov,A (2652)-Ivanchuk,V (2726) Huaian 2017}) 16. Bc4 Bxc4+ 17. Rxc4 Rad8 {[#]} 18. h4 $146 ({Predecessor:} 18. Rb1 Rd7 19. Rb5 Rfd8 20. g3 a6 {½-½ (20) Kozul,Z (2593)-Erdos,V (2624) Sarajevo 2012}) 18... Rf5 19. Rb1 Rfd5 20. g3 R8d7 21. Rc5 Rxc5 22. dxc5 h6 23. Rc1 Kf7 24. Rc4 Ke6 25. Rg4 Kf5 26. Rf4+ Ke6 27. Rg4 Kf5 28. Rf4+ {Accuracy: White = 73%, Black = 77%.} 1/2-1/2

[Event "Nis GM 2019"]
[Site "Nis"]
[Date "2019.12.06"]
[Round "7.1"]
[White "Djukic, Nikola"]
[Black "Ivic, Velimir"]
[Result "1/2-1/2"]
[WhiteElo "2507"]
[BlackElo "2531"]
[Annotator "ChessBase"]
[PlyCount "57"]
[EventDate "2019.11.30"]
[EventType "tourn"]
[EventCountry "SRB"]
[SourceTitle "playchess.com"]
[Source "ChessBase"]
[SourceQuality "1"]
[TimeControl "40/5400+30:1800+30"]

1. e4 {[%emt 0:00:00]} c5 {[%emt 0:00:00]} 2. Nf3 {[%emt 0:00:00]} Nc6 {[%emt 0:00:00]} 3. d4 {[%emt 0:00:00]} cxd4 {[%emt 0:00:00]} 4. Nxd4 {[%emt 0:00:00]} Nf6 {[%emt 0:00:00]} 5. Nc3 {[%emt 0:00:00]} e5 {[%emt 0:00:00]} 6. Ndb5 {[%emt 0:00:04]} d6 {[%emt 0:00:05]} 7. Bg5 {[%emt 0:00:06]} a6 {[%emt 0:00:05]} 8. Na3 {[%emt 0:00:07]} b5 {[%emt 0:00:04]} 9. Nd5 {[%emt 0:00:05]} Be7 {[%emt 0:00:06]} 10. Bxf6 {[%emt 0:00:07]} Bxf6 {[%emt 0:00:04]} 11. c3 {[%emt 0:00:05]} Bg5 {[%emt 0:00:12]} 12. Nc2 {[%emt 0:00:11]} Rb8 {[%emt 0:00:05]} 13. a3 {[%emt 0:10:24]} O-O {[%emt 0:01:24]} 14. Ncb4 {[%emt 0:02:34]} Bb7 {[%emt 0:05:36]} 15. Be2 {[%emt 0:04:22]} a5 {[%emt 0:07:14]} 16. Nxc6 {[%emt 0:01:13]} Bxc6 {[%emt 0:00:05]} 17. Qd3 {[%emt 0:03:06]} Kh8 {[%emt 0:18:30]} 18. Rd1 {[%emt 0:02:31]} Qd7 {[%emt 0:11:45]} 19. O-O {[%emt 0:04:03]} Qa7 {[%emt 0:01:10]} 20. Qg3 {[%emt 0:06:03]} h6 {[%emt 0:13:20]} 21. Kh1 {[%emt 0:10:52]} Qb7 {[%emt 0:14:28]} 22. Qd3 {[%emt 0:15:48]} b4 {[%emt 0:02:53]} 23. axb4 {[%emt 0:10:21]} axb4 {[%emt 0:00:29]} 24. cxb4 {[%emt 0:00:41]} Bxd5 {[%emt 0:00:10]} 25. Qxd5 {[%emt 0:00:07]} Qxd5 {[%emt 0:00:42]} 26. Rxd5 {[%emt 0:00:05]} Rxb4 {[%emt 0:00:04]} 27. Bd3 {[%emt 0:03:41]} Rxb2 {[%emt 0:06:40]} 28. Rxd6 {[%emt 0:00:06]} Rd8 {[%emt 0:09:42]} 29. Rxd8+ {[%emt 0:00:11]} 1/2-1/2

[Event "Nis GM 2019"]
[Site "Nis"]
[Date "2019.12.06"]
[Round "7.2"]
[White "Radovanovic, Mihajlo"]
[Black "Miljkovic, Miroslav D"]
[Result "1/2-1/2"]
[WhiteElo "2479"]
[BlackElo "2496"]
[Annotator "TA"]
[PlyCount "114"]
[EventDate "2019.11.30"]
[EventType "tourn"]
[EventCountry "SRB"]
[SourceTitle "playchess.com"]
[Source "ChessBase"]
[SourceQuality "1"]

{[%evp 9,114,24,58,22,52,54,49,27,29,8,20,9,14,14,16,-25,14,19,39,0,0,0,0,0,35,55,99,86,148,106,103,104,107,102,101,120,128,135,1248,29,243,0,0,0,0,0,9,0,0,0,0,0,0,-27,0,-27,-5,-4,0,0,0,0,0,0,0,0,0,-16,14,0,0,0,0,-50,-40,-92,0,-8,0,0,0,0,0,0,0,0,0,0,0,0,0,0,8,0,0,0,0,0,0,0,0,0,0,0,0,0,0]} 1. Nf3 d5 2. g3 g6 3. Bg2 Bg7 4. d4 c6 5. O-O Bg4 (5... Nf6 6. b3 O-O 7. Bb2 Bf5 8. c4 Nbd7 9. cxd5 cxd5 10. Nc3 Rc8 11. e3 Qa5 12. Nh4 Be4 13. f3 Bf5 14. Nxf5 gxf5 15. Qd3 e6 16. Rfc1 a6 {0-1 (65) Rapport,R (2747)-Caruana,F (2818) Saint Louis 2019}) 6. Ne5 {D02: 1 d4 d5 2 Nf3 sidelines, including 2...Nf6 3 g3 and 2...Nf6 3 Bf4} Bf5 7. c4 dxc4 8. e4 $146 {White is slightly better.} ({Predecessor:} 8. Nxc4 Be6 9. Ne5 Nf6 10. Nc3 Nbd7 11. Nd3 O-O 12. Nf4 Bc4 {½-½ (42) Kokorin,V (2358)-Muzyka,Y (2393) ICCF email 2009}) 8... Be6 9. Bf4 Nd7 {[%cal Bb8d7,Bd7b6,Bb6d5][%mdl 32]} 10. Nf3 Bg4 11. e5 Nb6 12. Qc1 Nd5 13. Bd2 Qd7 14. Ng5 f6 15. Ne4 fxe5 16. Nc5 Qc8 17. dxe5 $1 Bxe5 18. Re1 $36 {[%mdl 2048] White is on the roll.} Bd6 (18... Qf5 $142) 19. Qxc4 Ngf6 20. Bh6 Kf7 21. Nc3 Bxc5 22. Qxc5 {[%cal Rc3d5]} Re8 23. Nxd5 Nxd5 $4 {[%mdl 8192]} (23... cxd5 $16 24. Qd4 (24. Bxd5+ e6 $16) 24... Be6) 24. Re4 $2 ({White has to play} 24. Bxd5+ $18 cxd5 25. Qxd5+ e6 26. Qe5) 24... Nf6 $2 {[#]} (24... e5 $11 {and Black is okay.}) 25. Rf4 $2 (25. Re5 $1 $18) 25... e5 $1 $11 {[%cal Re5f4]} 26. Rb4 Qd7 27. Re1 Bf5 28. Bg5 ({Don't blunder} 28. Rxe5 $2 Qd1+ 29. Bf1 Bd3 $19) 28... Nd5 29. Rd1 {[%cal Rd1d5] [#] aiming for Rxd5.} e4 30. Rbd4 Kg8 31. Qc4 Qf7 32. h3 h5 33. Bxe4 Bxe4 34. Rxe4 Qf5 35. Rxe8+ Rxe8 36. h4 Re4 37. Qb3 Re2 38. Be3 Qe5 {[%cal Re2e3]} 39. Bxa7 Rxb2 40. Qd3 Qf5 41. Qxf5 (41. Qa3 {is more complex.} Qc2 42. Re1 Rb1 43. Rxb1 Qxb1+ 44. Kh2) 41... gxf5 {[%mdl 4096] Endgame KRB-KRN} 42. a4 (42. Ra1 $15) 42... Kf7 (42... Ra2 $17 43. Rd4 b5 44. axb5 Rxa7 45. bxc6 Ne7) 43. a5 {The position is equal.} f4 44. gxf4 Nxf4 45. Rd7+ Ke6 46. Rh7 Nd5 47. Rxh5 Rb5 48. Rh6+ Kf5 49. a6 bxa6 50. Rxc6 Kg4 51. Rxa6 (51. Rc4+ {feels hotter.} Kf3 52. Bc5 Nf4 53. Kh2 Nd3 54. Bd6) 51... Kxh4 52. Rg6 Nf4 53. Rg8 (53. Rh6+ {looks sharper.} Rh5 54. Ra6 Rg5+ 55. Kh2 Kg4 56. Ra4) 53... Rg5+ 54. Rxg5 Kxg5 55. Be3 Kg4 56. f3+ Kxf3 57. Bxf4 Kxf4 {Accuracy: White = 45%, Black = 52%.} 1/2-1/2

[Event "Nis GM 2019"]
[Site "Nis"]
[Date "2019.12.06"]
[Round "7.3"]
[White "Nikolaidis, Ioannis"]
[Black "Zajic, Milan"]
[Result "1/2-1/2"]
[WhiteElo "2531"]
[BlackElo "2477"]
[Annotator "TA"]
[PlyCount "125"]
[EventDate "2019.11.30"]
[EventType "tourn"]
[EventCountry "SRB"]
[SourceTitle "playchess.com"]
[Source "ChessBase"]
[SourceQuality "1"]

{[%evp 26,125,17,21,19,17,18,25,34,20,26,29,41,25,16,14,63,60,52,60,53,50,47,48,102,98,105,77,67,67,82,74,64,70,58,84,70,36,47,20,47,48,61,70,74,69,34,20,81,81,81,81,81,81,81,81,81,81,81,81,68,22,34,39,43,16,21,12,12,4,11,0,0,0,0,0,70,70,70,70,70,70,71,18,71,71,71,71,71,71,71,75,100,100,100,100,100,100,100,100,100,-8]} 1. e4 e5 2. Nf3 Nc6 3. Bb5 a6 4. Ba4 Nf6 5. O-O Be7 6. Re1 b5 7. Bb3 d6 8. c3 O-O 9. h3 Nb8 10. d4 Nbd7 11. Nbd2 Bb7 12. Bc2 Re8 13. b3 Bf8 14. Bb2 c6 {C95: Closed Ruy Lopez: Breyer Variation with 10 d4} 15. a4 Qc7 16. Bd3 Rad8 {White has an edge.} (16... g6 17. Qc2 Nh5 18. Bf1 Nf4 19. b4 Nb6 20. axb5 cxb5 21. Qb3 Rac8 22. Rac1 Nc4 23. g3 {½-½ (50) Karjakin,S (2752)-Amin,B (2704) Abidjan 2019}) 17. Qc2 g6 18. c4 bxa4 19. Rxa4 exd4 20. Bxd4 Ne5 21. Bc3 $146 ({Predecessor:} 21. Be2 c5 22. Bc3 Qe7 23. Raa1 Bg7 24. Nxe5 dxe5 {½-½ (38) Lau,R (2490)-Gabriel,C (2475) Dresden 1995}) 21... Nxd3 22. Qxd3 Qe7 $1 23. c5 dxc5 24. Qc2 Bc8 (24... Bg7 $14) 25. Ba5 $16 {[%mdl 1024] White has strong compensation.} Rd7 26. Nc4 Rb7 27. e5 Bf5 28. Qa2 Nd5 29. Nd6 Reb8 30. Nxb7 Qxb7 31. Bd2 Nc7 32. Ra3 c4 33. bxc4 Bb1 34. Qa1 {Threatens to win with e6.} Bxa3 35. Qxa3 Ne6 36. Qe3 Qb3 {[#]} (36... h5 $11) 37. Qh6 $1 {Strongly threatening Ng5.} Qxc4 38. Ng5 Nxg5 39. Bxg5 {Bf6 would kill now.} Qb4 {[#]} 40. Bf6 $1 {[%csl Gf6][%cal Rh6g7][%mdl 512]} Qf8 (40... Qxe1+ $2 {perishes.} 41. Kh2 $18) 41. Qc1 Bf5 42. Qxc6 Qc8 43. Qa4 Rb1 44. Rxb1 Bxb1 45. Qa3 h6 46. Kh2 Bf5 47. Qe3 Kh7 48. Be7 Qc4 49. f3 (49. Bf8 {seems wilder.} g5 50. Qe1 a5 51. Qxa5 Qf4+ 52. Kg1) 49... g5 50. Ba3 Qf4+ (50... a5 $11) 51. Qxf4 $14 gxf4 {[%mdl 4096] Endgame KB-KB} 52. Bc1 Kg6 53. Bxf4 h5 54. Kg3 (54. g4 $16 Be6 55. Bd2) 54... f6 (54... Bd3 $11 {remains equal.}) 55. exf6 $16 {White is better.} Kxf6 56. Bc7 Bd7 57. Kf4 Bb5 58. g4 hxg4 59. fxg4 Bd7 60. Ba5 Kg6 61. h4 Be6 62. h5+ Kh7 63. Ke5 {Accuracy: White = 74%, Black = 60%.} ({White should try} 63. Kg5 $16) 1/2-1/2

[Event "Nis GM 2019"]
[Site "Nis"]
[Date "2019.12.06"]
[Round "7.4"]
[White "Maksimovic, Branimir"]
[Black "Dimitrov, Radoslav"]
[Result "0-1"]
[WhiteElo "2320"]
[BlackElo "2515"]
[Annotator "ChessBase"]
[PlyCount "78"]
[EventDate "2019.11.30"]
[EventType "tourn"]
[EventCountry "SRB"]
[SourceTitle "playchess.com"]
[Source "ChessBase"]
[SourceQuality "1"]
[TimeControl "40/5400+30:1800+30"]

1. e4 {[%emt 0:00:00]} Nf6 {[%emt 0:03:23]} 2. d3 {[%emt 0:02:20]} d5 {[%emt 0:00:43]} 3. Nd2 {[%emt 0:00:14]} c5 {[%emt 0:00:46]} 4. Ngf3 {[%emt 0:00:53]} Nc6 {[%emt 0:00:07]} 5. g3 {[%emt 0:00:28]} Bg4 {[%emt 0:02:11]} 6. Bg2 {[%emt 0:01:00]} e6 {[%emt 0:00:29]} 7. O-O {[%emt 0:00:23]} Be7 {[%emt 0:00:07]} 8. Re1 {[%emt 0:06:45]} O-O {[%emt 0:00:23]} 9. h3 {[%emt 0:00:44]} Bh5 {[%emt 0:00:02]} 10. b3 {[%emt 0:07:37]} dxe4 {[%emt 0:07:12]} 11. dxe4 {[%emt 0:00:12]} Bxf3 {[%emt 0:00:19]} 12. Qxf3 {[%emt 0:06:08]} Nd7 {[%emt 0:00:37]} 13. Bb2 {[%emt 0:03:35]} Nde5 {[%emt 0:10:58]} 14. Bxe5 {[%emt 0:01:58]} Nxe5 {[%emt 0:01:32]} 15. Qe2 {[%emt 0:04:30]} Qc7 {[%emt 0:03:54]} 16. f4 {[%emt 0:01:54]} Nc6 {[%emt 0:00:10]} 17. c3 {[%emt 0:04:51]} Qa5 {[%emt 0:03:07]} 18. e5 {[%emt 0:06:14]} Qxc3 {[%emt 0:00:47]} 19. Bxc6 {[%emt 0:00:06]} bxc6 {[%emt 0:00:10]} 20. Ne4 {[%emt 0:00:06]} Qb4 {[%emt 0:02:15]} 21. Rac1 {[%emt 0:12:53]} Rad8 {[%emt 0:03:20]} 22. Rc4 {[%emt 0:00:04]} Qb6 {[%emt 0:00:14]} 23. g4 {[%emt 0:02:13]} Rd5 {[%emt 0:02:28]} 24. Rf1 {[%emt 0:05:36]} Rfd8 {[%emt 0:00:51]} 25. Qf2 {[%emt 0:00:34]} Qc7 {[%emt 0:01:44]} 26. Re1 {[%emt 0:06:20]} Rd3 {[%emt 0:01:41]} 27. Kg2 {[%emt 0:00:56]} R8d5 {[%emt 0:00:43]} 28. Re2 {[%emt 0:00:14]} Qd8 {[%emt 0:00:41]} 29. g5 {[%emt 0:00:50]} R5d4 {[%emt 0:00:11]} 30. Re3 {[%emt 0:05:23]} Rd1 {[%emt 0:02:20]} 31. Re1 {[%emt 0:01:28]} Rxe1 {[%emt 0:05:11]} 32. Qxe1 {[%emt 0:00:05]} Qd5 {[%emt 0:00:15]} 33. Qe2 {[%emt 0:03:24]} f5 {[%emt 0:07:16]} 34. gxf6 {[%emt 0:00:22]} gxf6 {[%emt 0:00:01]} 35. exf6 {[%emt 0:01:05]} Bxf6 {[%emt 0:00:01]} 36. Kh2 {[%emt 0:02:53]} Kf7 {[%emt 0:00:32]} 37. Ng5+ {[%emt 0:05:50]} Bxg5 {[%emt 0:03:03]} 38. Qh5+ {[%emt 0:00:06]} Kg7 {[%emt 0:04:06]} 39. Rxd4 {[%emt 0:03:30]} Bxf4+ {[%emt 0:00:14]} 0-1

[Event "Nis GM 2019"]
[Site "Nis"]
[Date "2019.12.06"]
[Round "7.5"]
[White "Svetushkin, Dmitry"]
[Black "Perunovic, Miodrag"]
[Result "1/2-1/2"]
[WhiteElo "2547"]
[BlackElo "2433"]
[Annotator "ChessBase"]
[PlyCount "25"]
[EventDate "2019.11.30"]
[EventType "tourn"]
[EventCountry "SRB"]
[SourceTitle "playchess.com"]
[Source "ChessBase"]
[SourceQuality "1"]
[TimeControl "40/5400+30:1800+30"]

1. e4 {[%emt 0:04:02]} e6 {[%emt 0:08:02]} 2. d4 {[%emt 0:00:06]} d5 {[%emt 0:00:08]} 3. Nc3 {[%emt 0:00:07]} Bb4 {[%emt 0:01:18]} 4. e5 {[%emt 0:00:11]} c5 {[%emt 0:00:07]} 5. a3 {[%emt 0:00:06]} Bxc3+ {[%emt 0:00:15]} 6. bxc3 {[%emt 0:00:15]} Qa5 {[%emt 0:01:54]} 7. Bd2 {[%emt 0:00:20]} Qa4 {[%emt 0:00:03]} 8. Nf3 {[%emt 0:00:12]} b6 {[%emt 0:00:09]} 9. Bd3 {[%emt 0:00:33]} Ba6 {[%emt 0:01:10]} 10. O-O {[%emt 0:00:27]} Ne7 {[%emt 0:04:04]} 11. Re1 {[%emt 0:02:16]} Bxd3 {[%emt 0:00:08]} 12. cxd3 {[%emt 0:00:07]} Qxd1 {[%emt 0:00:06]} 13. Rexd1 {[%emt 0:00:08]} 1/2-1/2

[Event "Nis GM 2019"]
[Site "Nis"]
[Date "2019.12.07"]
[Round "8.1"]
[White "Ivic, Velimir"]
[Black "Perunovic, Miodrag"]
[Result "1-0"]
[WhiteElo "2531"]
[BlackElo "2433"]
[Annotator "ChessBase"]
[PlyCount "65"]
[EventDate "2019.11.30"]
[EventType "tourn"]
[EventCountry "SRB"]
[SourceTitle "playchess.com"]
[Source "ChessBase"]
[SourceQuality "1"]
[TimeControl "40/5400+30:1800+30"]

1. e4 {[%emt 0:00:00]} c5 {[%emt 0:12:37]} 2. Nf3 {[%emt 0:00:00]} g6 {[%emt 0:00:16]} 3. d4 {[%emt 0:00:04]} cxd4 4. Nxd4 {[%emt 0:00:05]} Nc6 {[%emt 0:01:02]} 5. c4 {[%emt 0:00:13]} Bg7 {[%emt 0:00:08]} 6. Be3 {[%emt 0:00:08]} Nf6 {[%emt 0:00:08]} 7. Nc3 {[%emt 0:00:06]} d6 {[%emt 0:00:51]} 8. Be2 {[%emt 0:00:22]} Nxd4 {[%emt 0:02:33]} 9. Bxd4 {[%emt 0:06:06]} O-O {[%emt 0:00:03]} 10. O-O {[%emt 0:00:05]} Bd7 {[%emt 0:00:09]} 11. Qd3 {[%emt 0:04:20]} a5 {[%emt 0:08:06]} 12. Rad1 {[%emt 0:07:08]} Bc6 {[%emt 0:00:44]} 13. f4 {[%emt 0:02:56]} Nd7 {[%emt 0:03:09]} 14. Bxg7 {[%emt 0:01:57]} Kxg7 {[%emt 0:00:02]} 15. Kh1 {[%emt 0:00:19]} Qb6 {[%emt 0:01:04]} 16. Qc2 {[%emt 0:16:48]} a4 {[%emt 0:06:31]} 17. Rd3 {[%emt 0:00:58]} Qc5 {[%emt 0:04:52]} 18. Qd2 {[%emt 0:06:50]} Nf6 {[%emt 0:06:12]} 19. Re3 {[%emt 0:16:04]} e6 {[%emt 0:02:23]} 20. f5 {[%emt 0:08:44]} exf5 {[%emt 0:00:12]} 21. Rh3 {[%emt 0:00:49]} h5 {[%emt 0:04:01]} 22. exf5 {[%emt 0:05:34]} Rae8 {[%emt 0:00:29]} 23. Rh4 {[%emt 0:03:51]} Qe3 {[%emt 0:01:09]} 24. Rd4 {[%emt 0:02:42]} Qh3 {[%emt 0:04:33]} 25. Bf3 {[%emt 0:03:18]} Qxf5 {[%emt 0:00:44]} 26. Rf4 {[%emt 0:01:34]} Qg5 {[%emt 0:12:10]} 27. Bxc6 {[%emt 0:00:17]} bxc6 {[%emt 0:01:08]} 28. h4 {[%emt 0:00:48]} Qg3 {[%emt 0:02:57]} 29. Qd4 {[%emt 0:00:48]} Re5 {[%emt 0:04:11]} 30. Rxf6 {[%emt 0:00:24]} a3 {[%emt 0:00:02]} 31. b3 {[%emt 0:03:25]} Kg8 {[%emt 0:04:19]} 32. Qf4 {[%emt 0:01:29]} Qd3 {[%emt 0:04:22]} 33. Rf3 {[%emt 0:00:16]} 1-0

[Event "Nis GM 2019"]
[Site "Nis"]
[Date "2019.12.07"]
[Round "8.3"]
[White "Zajic, Milan"]
[Black "Maksimovic, Branimir"]
[Result "1-0"]
[WhiteElo "2477"]
[BlackElo "2320"]
[Annotator "TA"]
[PlyCount "149"]
[EventDate "2019.11.30"]
[EventType "tourn"]
[EventCountry "SRB"]
[SourceTitle "playchess.com"]
[Source "ChessBase"]
[SourceQuality "1"]

{[%evp 21,149,27,20,14,18,10,10,10,16,13,20,19,52,6,33,0,0,0,14,-9,16,0,0,0,0,-7,0,-15,0,-18,0,0,0,0,0,0,0,0,0,0,1,-8,4,6,6,0,16,20,36,12,87,83,167,171,232,228,234,224,184,71,71,71,71,71,71,71,71,71,71,71,71,71,90,104,162,147,210,210,210,210,212,214,214,214,218,218,218,211,212,210,228,228,509,486,486,228,229,228,494,219,1460,219,1452,1278,1350,1371,1315,1333,1330,1235,825,477,603,601,492,477,420,379,1468,1468,1446,1423,1358,1279,1030,997,489,375,29987,29988]} 1. e4 e5 2. Nf3 Nf6 3. Nxe5 d6 4. Nf3 Nxe4 5. d4 d5 6. Bd3 Bd6 7. O-O O-O 8. c4 c6 9. Nc3 Nxc3 10. bxc3 dxc4 11. Bxc4 Bf5 12. Re1 $146 {C42: Petroff Defence: 3 Nxe5 and unusual White 3rd moves} (12. Ng5 h6 13. Qf3 Bg6 14. Ne4 Bxh2+ 15. Kxh2 Qh4+ 16. Qh3 Qxh3+ 17. gxh3 Bxe4 18. Rg1 Re8 19. Bxh6 g6 {½-½ (52) Vachier Lagrave,M (2780)-Wang,H (2722) Douglas 2018}) 12... Nd7 13. Bg5 Qa5 14. Nh4 {The position is equal.} Nb6 15. Bb3 {Threatens to win with c4.} Be6 16. Bd2 Bc4 17. Bc2 {Strongly threatening Nf5.} (17. Qg4 $5 {[%cal Rh4f5]} g6 18. Nf3 $14) 17... Rfe8 18. Qg4 Be6 19. Bf5 {[%cal Re1e6]} Qd5 $1 20. Re4 Nd7 {Black wants to play ...Nf6.} 21. Bxe6 Rxe6 22. Rxe6 fxe6 23. Qe2 b5 24. g3 e5 25. dxe5 Qxe5 (25... Bxe5 {keeps more tension.} 26. Be3 Bf6 27. Rd1 Qe6 28. Nf3 a6) 26. Qf3 Qd5 27. Qxd5+ cxd5 28. Nf5 Bc5 29. Re1 Nf6 30. Be3 Re8 31. Rd1 Bxe3 32. Nxe3 $11 {[%mdl 4096] Endgame KRN-KRN} Rd8 33. g4 g5 34. f3 Kf7 35. Kf2 Ke6 (35... Rd6 $11) 36. Nf5 $16 {Black must now prevent h4.} Kd7 (36... Kf7 $16) 37. h4 $1 $18 {[%cal Rh4g5]} Rg8 (37... gxh4 {was worth a try.} 38. g5 (38. Nxh4 Rf8 $16) 38... Ne8) 38. Re1 gxh4 39. Re7+ (39. Nxh4 h5 $14) 39... Kd8 40. Rf7 (40. Rxa7 $18 {and White stays clearly on top.} h3 41. Kg3) 40... Nxg4+ $16 41. fxg4 Rxg4 {KRN-KR} 42. Nd4 b4 43. Nc6+ (43. Rxa7 bxc3 44. Nb3 c2 $11) 43... Ke8 44. Re7+ (44. Rxa7 bxc3 45. Ra8+ Kd7 $15) 44... Kf8 45. cxb4 Rxb4 46. Rxa7 Rb2+ 47. Kg1 Rc2 (47... Ke8 $16 48. a4 (48. Rxh7 Rxa2 49. Nd4 h3 $11) 48... Rb6) 48. Nd4 $1 $18 {[%cal Rd4c2]} Rc4 (48... Rd2 $16) 49. Ne6+ Ke8 {[#]} 50. Nc7+ $1 (50. Rxh7 Ra4 $14) 50... Kd7 51. Nxd5+ Kc6 52. Ne3 Re4 53. Ra3 ({Weaker is} 53. Rxh7 Rxe3 54. Rxh4 Re2 $11) 53... Kb5 54. Rb3+ Ka4 55. Nd5 {White wants to mate with Nc3+.} Re1+ 56. Kf2 Rh1 $2 (56... Rc1 {was called for.} 57. Kf3 Rg1) 57. Nc3+ Ka5 58. Rb5+ (58. Ke2 $142 Rh3 59. Kd2) 58... Ka6 59. Rc5 Rh2+ $2 (59... Rc1 60. Kf3 h5) 60. Kf3 (60. Ke3 $142) 60... h5 $2 (60... Kb6 61. Rc4 h5) 61. Ne2 $2 (61. Ke3 Rh3+ 62. Kd4) 61... Rh3+ $2 (61... Kb6 62. Rxh5 Rh3+ 63. Ke4 Ra3) 62. Ke4 Ra3 63. Nc3 h3 64. Kd3 Ra5 65. Rc4 Rg5 66. Ra4+ Kb6 67. Rh4 Rg3+ 68. Kc2 Rg2+ {[#]} 69. Kb3 $1 h2 $2 (69... Rh2 70. Nd5+ Ka7) 70. Rxh5 Ka6 71. Rh7 Ka5 72. Rh6 Rf2 73. a4 Rg2 74. Ne4 Re2 $2 (74... Rg4 $18 75. Rh5+ (75. Rxh2 Rxe4 76. Rh5+ Ka6 $11) 75... Kb6) 75. Nc5 {Accuracy: White = 63%, Black = 38%.} 1-0